| 000 | 00343nam a22001457a 4500 | ||
|---|---|---|---|
| 999 |
_c15668 _d15668 |
||
| 003 | OSt | ||
| 008 | 190524b ||||| |||| 00| 0 eng d | ||
| 020 | _a9788126451371 | ||
| 082 |
_a894.812 3 _bMEE/ME |
||
| 100 |
_aMeera, K R. _94159 |
||
| 245 | _aMeerayude Novellakal | ||
| 260 |
_aKottayam _bD C Books _c2017 |
||
| 300 | _a231 p. | ||
| 942 | _cBK | ||